000 00308nam a2200133Ia 4500
008 191201s2009 xx 000 0 und d
100 _aJERKE, Noel
245 0 _aVisual Basic 6 The Complete Reference
250 _aRep.
260 _aN.Delhi
_bTMH
_c2009
300 _a788
650 _aMCA
942 _2ddc
_cBK
999 _c4078
_d4078